[Event "Seville op 38th"]
[Site "Seville"]
[Date "2013.01.11"]
[Round "1"]
[White "Das, Arghyadip"]
[Black "Cherry, John Bradford"]
[Result "1-0"]
[WhiteElo "2466"]
[BlackElo "1838"]
[PlyCount "42"]
[EventDate "2013.01.11"]
[EventType "swiss"]
[EventRounds "9"]
[EventCountry "ESP"]
[SourceTitle "CBM 152 Extra"]
[Source "ChessBase"]
[SourceDate "2013.02.25"]
[SourceVersion "1"]
[SourceVersionDate "2013.02.25"]
[SourceQuality "1"]

1. e4 d6 2. Nc3 Nf6 3. d4 g6 4. Bg5 Bg7 5. Qd2 0-0 6. f4 Nbd7 7. Nf3 c5 8. d5 a6 9. a4 Qe8 10. Bd3 e5 11. dxe6 Qxe6 12. 0-0 h6 13. f5 Qe7 14. Bxh6 Ne5 15. Bg5 c4 16. Nd5 Qd8 17. Nxe5 dxe5 18. fxg6 cxd3 19. Nxf6+ Bxf6 20. Bxf6 Qb6+ 21. Kh1 fxg6 1-0